Statistics for Countries of The World in Alphabetical Order

Click here to take the quiz!

General Stats

  • This quiz has been taken 61 times
  • The average score is 144 of 196

Answer Stats

Country% Correct
AAfghanistan
98%
AAndorra
95%
AAzerbaijan
95%
AAlbania
93%
AAlgeria
93%
AAustralia
93%
AAntigua and Barbuda
90%
AArmenia
90%
AAustria
90%
BBahamas
90%
AAngola
88%
BBahrain
88%
BBarbados
88%
BBelgium
88%
AArgentina
85%
BBangladesh
85%
BBelarus
85%
HHonduras
85%
QQatar
85%
DDenmark
83%
FFrance
83%
IIndia
83%
OOman
83%
PPalau
83%
ZZimbabwe
83%
CCambodia
80%
CCameroon
80%
CCanada
80%
FFederated States of Micronesia
80%
FFinland
80%
GGabon
80%
GGeorgia
80%
HHaiti
80%
HHungary
80%
IIceland
80%
IIndonesia
80%
IIreland
80%
JJamaica
80%
JJordan
80%
KKazakhstan
80%
KKyrgyzstan
80%
PPanama
80%
RRwanda
80%
UUnited Kingdom
80%
VVanuatu
80%
VVenezuela
80%
YYemen
80%
ZZambia
80%
BBelize
78%
BBenin
78%
BBrazil
78%
BBurundi
78%
CCape Verde
78%
EEstonia
78%
GGermany
78%
IItaly
78%
JJapan
78%
LLaos
78%
LLatvia
78%
MMadagascar
78%
PPoland
78%
RRepublic of the Congo
78%
UUganda
78%
UUnited Arab Emirates
78%
UUruguay
78%
UUzbekistan
78%
VVietnam
78%
BBhutan
76%
BBolivia
76%
CChile
76%
CChina
76%
CCzech Republic
76%
DDemocratic Republic of the Congo
76%
DDjibouti
76%
DDominica
76%
DDominican Republic
76%
FFiji
76%
GGuinea
76%
GGuinea-Bissau
76%
IIsrael
76%
KKuwait
76%
LLiechtenstein
76%
LLithuania
76%
LLuxembourg
76%
PPakistan
76%
PParaguay
76%
PPeru
76%
RRomania
76%
UUnited States
76%
VVatican City
76%
BBotswana
73%
EEcuador
73%
EEl Salvador
73%
EEswatini
73%
GGhana
73%
GGuatemala
73%
GGuyana
73%
IIran
73%
IIraq
73%
KKenya
73%
KKiribati
73%
KKosovo
73%
MMauritania
73%
NNauru
73%
NNew Zealand
73%
PPhilippines
73%
PPortugal
73%
RRussia
73%
SSaint Kitts and Nevis
73%
SSaint Lucia
73%
SSaint Vincent and the Grenadines
73%
SSan Marino
73%
SSão Tomé and Príncipe
73%
TTurkmenistan
73%
BBosnia and Herzegovina
71%
BBurkina Faso
71%
EEast Timor
71%
EEgypt
71%
EEritrea
71%
GGambia
71%
LLebanon
71%
LLesotho
71%
LLiberia
71%
LLibya
71%
MMalaysia
71%
MMaldives
71%
MMali
71%
MMauritius
71%
NNorth Korea
71%
SSwitzerland
71%
TTurkey
71%
UUkraine
71%
CChad
68%
CComoros
68%
CCuba
68%
EEthiopia
68%
GGrenada
68%
IIvory Coast
68%
NNamibia
68%
NNiger
68%
NNigeria
68%
NNorth Macedonia
68%
PPapua New Guinea
68%
SSouth Korea
68%
TTajikistan
68%
TTanzania
68%
TTrinidad and Tobago
68%
TTuvalu
68%
BBrunei
66%
BBulgaria
66%
EEquatorial Guinea
66%
GGreece
66%
MMalawi
66%
MMonaco
66%
MMorocco
66%
MMozambique
66%
MMyanmar
66%
NNorway
66%
SSamoa
66%
SSouth Sudan
66%
SSudan
66%
SSuriname
66%
SSweden
66%
SSyria
66%
TTaiwan
66%
TTogo
66%
TTonga
66%
CCentral African Republic
63%
CColombia
63%
CCosta Rica
63%
CCroatia
63%
CCyprus
63%
MMarshall Islands
63%
MMexico
63%
MMongolia
63%
MMontenegro
63%
NNetherlands
63%
NNicaragua
63%
SSlovakia
63%
SSlovenia
63%
TThailand
63%
TTunisia
63%
MMalta
61%
NNepal
61%
SSaudi Arabia
61%
SSenegal
61%
SSeychelles
61%
SSolomon Islands
61%
SSouth Africa
61%
MMoldova
59%
SSerbia
59%
SSingapore
59%
SSpain
59%
SSierra Leone
56%
SSomalia
56%
SSri Lanka
56%

Score Distribution

Percentile by Number Answered

Percent of People with Each Score

Your Score History

You have not taken this quiz